000 00364nam a2200133Ia 4500
008 220214s9999 xx 000 0 und d
100 _aCouvillon Garry A
245 0 _aStress mediated responses of own rooted peach cultivars
260 _bActa Horticulturae
_c1989
300 _a220-231
700 _aAparist Joaquin Gomez
700 _aRieger Mark
942 _cRE
999 _c45824
_d45824